African Latin American dialogue, seminar III /
Guardado en:
| Autores Corporativos: | , |
|---|---|
| Format: | Texto |
| Udgivet: |
Cairo:
IDS
|
| Tags: |
Tilføj Tag
Ingen Tags, Vær først til at tagge denne postø!
|
MARC
| LEADER | 00000 a a2200000 04500 | ||
|---|---|---|---|
| 001 | 25611 | ||
| 003 | |||
| 040 | |||
| 090 | |a 172505 | ||
| 110 | |a Egypt. Ministry of Foreign Affairs | ||
| 245 | |a African Latin American dialogue, seminar III / |c Egypt. Ministry of Foreign Affairs | ||
| 260 | |a Cairo: |b IDS | ||
| 300 | |a 315 p. | ||
| 710 | |a Institute of Diplomatic Studies | ||
| 999 | |c 17638 |d 17638 | ||
